000 00965nam a2200253 a 4500
003 DO-SdBNP
005 20251027110804.0
007 ta
008 220927e1999 dr a|||grc||| 00| 0 spa d
040 _aDO-SdBNP
_bspa
_cBNPHU
082 4 _222
_bI58a
245 0 0 _aInner Tropical Center of the Arts presenta:
_bla primera colectiva. artistas del caribe hispano, Cuba, Rep. Dominicana
260 _aPonce de León:
_bInner Tropical Center of The Arts,
_c1999
300 _a[32] p.
_bil. ;
_c22 cm.
590 _aInventariado 2022 / MF
650 4 _aArte Caribeño
_xExposiciones
_ySiglo XX
_959515
650 4 _aArte dominicano
_vExposiciones
_xCatálogos
_ySiglo XX
_981688
650 4 _aArte cubano
_vExposiciones
_xCatálogos
_ySiglo XX
_982444
650 4 _aArtistas dominicanos
_xBiografía
_ySiglo XX
_982445
650 4 _aArtistas Cubanos
_xBiografía
_ySiglo XX
_942686
710 2 _aInner Tropical Center of The Arts
_982443
910 _aMFeliz
942 _2ddc
_cLF2
999 _c52483
_d52483